Statistics for Countries With the Most Islands

Click here to take the quiz!

General Stats

  • This quiz has been taken 58,325 times
    (57,798 since last reset)
  • The average score is 16 of 20

Answer Stats

#Country% Correct
305United States
97%
251Indonesia
95%
388Canada
94%
201Russia
93%
101United Kingdom
92%
79Japan
92%
62China
89%
95Australia
86%
87Philippines
84%
116Norway
83%
78France
82%
40Brazil
81%
146Denmark
79%
86Greece
77%
37Mexico
75%
157Chile
74%
41Finland
69%
52Papua New Guinea
48%
48South Korea
47%
43Solomon Islands
39%

Score Distribution

Percentile by Number Answered

Percent of People with Each Score

Your Score History

You have not taken this quiz since the last reset